Improving the structure of world trade in Natural Rubber (Record no. 38981)

MARC details
000 -LEADER
fixed length control field 00302nam a2200109Ia 4500
082 ## - DEWEY DECIMAL CLASSIFICATION NUMBER
Classification number NR:339.13
Item number SOO
245 #0 - TITLE STATEMENT
Title Improving the structure of world trade in Natural Rubber
260 ## - PUBLICATION, DISTRIBUTION, ETC. (IMPRINT)
Place of publication Malaysia
Name of publisher MRRDB
Year of publication 1979
650 ## - SUBJECT ADDED ENTRY--TOPICAL TERM
Topical Term Rubber marketing
942 ## - ADDED ENTRY ELEMENTS (KOHA)
Koha item type Books
Holdings
Withdrawn status Lost status Damaged status Not for loan Home library Current library Date acquired Cost, normal purchase price Full call number Accession Number Koha item type
        RRII Library RRII Library 16/12/2021 10.00 NR:339.13 SOO 19329 Books